LEADER 01612nam 2200445 450 001 996475871003316 005 20231110224644.0 010 $a981-19-1774-4 035 $a(MiAaPQ)EBC6992073 035 $a(Au-PeEL)EBL6992073 035 $a(CKB)22444055400041 035 $a(PPN)26915289X 035 $a(EXLCZ)9922444055400041 100 $a20221204d2022 uy 0 101 0 $aeng 135 $aurcnu|||||||| 181 $ctxt$2rdacontent 182 $cc$2rdamedia 183 $acr$2rdacarrier 200 10$a2021 international conference on development and application of carbon nanomaterials in energetic materials /$fAlon Gany and Xiaolong Fu 210 1$aSingapore :$cSpringer,$d[2022] 210 4$dİ2022 215 $a1 online resource (640 pages) 225 1 $aSpringer Proceedings in Physics ;$vv.276 311 08$aPrint version: Gany, Alon 2021 International Conference on Development and Application of Carbon Nanomaterials in Energetic Materials Singapore : Springer,c2022 9789811917738 410 0$aSpringer Proceedings in Physics 606 $aNanostructured materials$vCongresses 606 $aNanostructured materials$xDesign 615 0$aNanostructured materials 615 0$aNanostructured materials$xDesign. 676 $a620.115 700 $aGany$b Alon$01228070 702 $aFu$b Xiaolong 801 0$bMiAaPQ 801 1$bMiAaPQ 801 2$bMiAaPQ 906 $aBOOK 912 $a996475871003316 996 $a2021 International Conference on Development and Application of Carbon Nanomaterials in Energetic Materials$92851083 997 $aUNISA